Business Law (Record no. 249529)
[ view plain ]
| 000 -LEADER | |
|---|---|
| fixed length control field | 00406nam a22001817a 4500 |
| 008 - FIXED-LENGTH DATA ELEMENTS--GENERAL INFORMATION | |
| fixed length control field | 260511b |||||||| |||| 00| 0 eng d |
| 020 ## - INTERNATIONAL STANDARD BOOK NUMBER | |
| International Standard Book Number | 9789387487307 |
| 082 ## - DEWEY DECIMAL CLASSIFICATION NUMBER | |
| Classification number | 346.07 |
| 100 ## - MAIN ENTRY--PERSONAL NAME | |
| Personal name | Avatar Singh |
| 245 ## - TITLE STATEMENT | |
| Title | Business Law |
| 250 ## - EDITION STATEMENT | |
| Edition statement | 11th |
| 260 ## - PUBLICATION, DISTRIBUTION, ETC. (IMPRINT) | |
| Place of publication, distribution, etc | Lucknow |
| Name of publisher, distributor, etc | EBC |
| Date of publication, distribution, etc | 2025 |
| 500 ## - GENERAL NOTE | |
| General note | Transfered |
| 650 ## - SUBJECT ADDED ENTRY--TOPICAL TERM | |
| Form subdivision | Law |
| General subdivision | Business Law |
| 942 ## - ADDED ENTRY ELEMENTS (KOHA) | |
| Item type | Books |
| Withdrawn status | Lost status | Damaged status | Permanent location | Current location | Shelving location | Date acquired | Source of acquisition | Cost, normal purchase price | Full call number | Barcode | Date last seen | Koha item type |
|---|---|---|---|---|---|---|---|---|---|---|---|---|
| CENTRAL LIBRARY, NOORUL ISLAM CENTRE FOR HIGHER EDUCATION | CENTRAL LIBRARY, NOORUL ISLAM CENTRE FOR HIGHER EDUCATION | Law | 05/11/2026 | Sukumar Book Stall, Trivandrum | 895.00 | 346.07 Q8 | LA030 | 05/11/2026 | Books |
